Word Ladder: Swede Feed Quiz Stats

 Plays Quiz Updated Jun 23, 2016

Challenge
Share
Tweet
Embed
Score 0/33 Timer 06:00
0 Plays Today
% Correct
LOST
92.5%
LEST
91.9%
PAW
91.5%
LOOT
90.5%
LAW
90.5%
SOOT
90.2%
HUG
89.3%
HAG
88.8%
LENT
88.5%
SMOG
88.4%
LOW
88.4%
LEND
86.5%
SLOT
84%
FEAR
83.9%
PAS
81.7%
FEAT
81.5%
BOAR
81.4%
% Correct
SLOG
81.1%
BEAR
79%
JUG
77.7%
GAG
77.4%
BORN
74.9%
♦ GÅS ♦
74.7%
FLAT
70.9%
BOOR
69.1%
BOON
66.3%
♦ SMÖR ♦
63.6%
FLAN
53%
♦♦ BORD ♦♦
53%
• JUL •
39.9%
• LUND •
30.3%
• LOV •
22.6%
• FLEN •
17.1%

Today's Daily Dose

You're not logged in!

Compare scores with friends on all Sporcle quizzes.
OR
Log In

You Might Also Like...

Show Comments

Extras

Top Quizzes Today


Score Distribution

Your Account Isn't Verified!

In order to create a playlist on Sporcle, you need to verify the email address you used during registration. Go to your Sporcle Settings to finish the process.

Report this User

Report this user for behavior that violates our Community Guidelines.

Details: